[Event "38th American Open"]
[Site "Los Angeles USA"]
[Date "2002.11.30"]
[Round "5"]
[White "Tate,E"]
[Black "Hanken,J"]
[Result "1/2-1/2"]
[WhiteElo "2368"]
[BlackElo "2089"]

1.e4 g6 2.d4 Bg7 3.Nc3 c6 4.Bc4 b5 5.Bb3 b4 6.Qf3 Nf6 7.e5 bxc3 8.exf6 Bxf6
9.bxc3 O-O 10.Bh6 Re8 11.h4 e5 12.Bg5 exd4+ 13.Ne2 Rxe2+ 14.Kxe2 Qe7+ 15.Kd1 Bxg5
16.Re1 Qf8 17.hxg5 d5 18.cxd4 Be6 19.Ke2 Nd7 20.Kf1 h6 21.gxh6 Qxh6 22.Ba4 Rc8
23.Rab1 Qh4 24.Qg3 Qxg3 25.fxg3 Nb6 26.Bb3 c5 27.dxc5 Rxc5 28.Re3 a5 29.a4 Nc4
30.Bxc4 Rxc4 31.Ra3 Rxc2 32.Rb5 d4 33.Rxa5 d3 34.Ra8+ Kg7 35.Rd8 d2 36.Rad3 Bc4
37.Ke2 Ra2 38.Rd4 Bxd3+ 39.Rxd3 Rxa4 40.Rxd2  1/2-1/2

[Event "TCh-CZE 2002-3"]
[Site "Czech Rep CZE"]
[Date "2002.12.01"]
[Round "4"]
[White "Vavra,P1"]
[Black "Karlik,V"]
[Result "1-0"]
[WhiteElo "2380"]
[BlackElo "2297"]

1.e4 g6 2.d4 Bg7 3.Nc3 c6 4.h3 d6 5.Be3 Nd7 6.f4 b5 7.e5 Nb6 8.Nf3 b4 9.Ne4 f5
10.Nf2 Be6 11.Bd2 a5 12.b3 Nh6 13.a3 bxa3 14.Rxa3 a4 15.Ng5 Qd7 16.bxa4 Nc4
17.Nxe6 Nxa3 18.Nxg7+ Kf8 19.c3 Kxg7 20.Bc1 Nb1 21.Bb2 Qb7 22.Qxb1 Rhb8 23.Nd1 Rxa4
24.Bd3 dxe5 25.fxe5 c5 26.O-O c4 27.Bc2 Ra5 28.Qc1 e6 29.Ba3 Nf7 30.Ne3 Qa6
31.Bb4 Rab5 32.Bd1 Qa7 33.Qd2 Rd8 34.Nxc4 Nxe5 35.Nxe5 Rxe5 36.Qg5 Rxd4 37.Bf8+ Kxf8  1-0

[Event "ch-ISR"]
[Site "Tel Aviv ISR"]
[Date "2002.12.02"]
[Round "8"]
[White "Rot,Y"]
[Black "Bitansky,I"]
[Result "0-1"]
[WhiteElo "2125"]
[BlackElo "2370"]

1.e4 g6 2.d4 Bg7 3.Nc3 c6 4.f4 d5 5.e5 Nh6 6.Be2 f6 7.Nf3 Bg4 8.O-O O-O 9.Be3 Nd7
10.Qd2 Nf5 11.Bf2 fxe5 12.fxe5 Bh6 13.Qd3 e6 14.Nd1 c5 15.c3 Qb6 16.Qb5 Bxf3
17.Qxb6 Nxb6 18.Bxf3 cxd4 19.cxd4 Nc4 20.Bg4 Rac8 21.Re1 Rc7 22.Bh3 Rcf7
23.b3 Nd2 24.Be3 Nxe3 25.Bxe6 Nc2 26.Nf2 Nxa1 27.Ng4 Kg7 28.Bxf7 Nc2 29.Nxh6 Nxe1  0-1

[Event "ch-POL w sf"]
[Site "Lubniewice POL"]
[Date "2002.12.06"]
[Round "7"]
[White "Socha,A"]
[Black "Krupa,M"]
[Result "0-1"]
[WhiteElo "2094"]
[BlackElo "2248"]

1.e4 g6 2.d4 Bg7 3.Nc3 c6 4.Nf3 d5 5.h3 Nh6 6.Bf4 O-O 7.Qd2 dxe4 8.Nxe4 Nf5
9.O-O-O Qd5 10.Nc3 Qa5 11.g4 Nd6 12.Bd3 Be6 13.Kb1 Na6 14.Bh6 Nb4 15.a3 Nd5
16.Ne4 Qxd2 17.Bxd2 Nxe4 18.Bxe4 f5 19.gxf5 Bxf5 20.Bxd5+ cxd5 21.Ne5 Rac8
22.Bc3 Bxe5 23.dxe5 Be4 24.Rh2 Rf3 25.h4 h5 26.Rd2 Kf7 27.Re2 Ke6 28.Kc1 Rc4
29.Re3 Rf4 30.b3 Rc8 31.f3 Bf5 32.Be1 d4 33.Bg3 Rxh4 34.Bxh4 dxe3 35.Bg5 Kxe5
36.Bxe3 b6 37.Bg5 Be6 38.Kb2 Bd5 39.f4+ Kf5 40.Re2 Be4 41.c4 e5 42.Rf2 Kg4
43.Bh6 Kg3 44.Rf1 Bg2 45.Rg1 h4  0-1

[Event "Friendship A"]
[Site "Roznov CZE"]
[Date "2002.12.11"]
[Round "7"]
[White "Guidarelli,L"]
[Black "Vokac,M"]
[Result "1/2-1/2"]
[WhiteElo "2406"]
[BlackElo "2507"]

1.d4 g6 2.e4 c6 3.Nc3 Bg7 4.Nf3 d5 5.h3 Nh6 6.Be2 O-O 7.Bf4 f6 8.O-O Nf7
9.Bh2 e6 10.Re1 Nd7 11.Bf1 Nb6 12.a4 a5 13.Qd3 Bd7 14.b3 Nc8 15.Rad1 Ncd6
16.e5 fxe5 17.Nxe5 Nxe5 18.dxe5 Nf7 19.f4 Qe7 20.Kh1 c5 21.Nb5 Bc6 22.c4 Rad8
23.Qc2 d4 24.Bd3 Nh6 25.Nd6 Nf5 26.Nxf5 gxf5 27.Qf2 Qc7 28.Bg3 Qb6 29.Rb1 Rd7
30.Kh2 Bh6 31.Bh4 Rg7 32.g3 Kf7 33.Qc2 Ke8 34.Rg1 Kd7 35.Rbf1 Qc7 36.Rf2 Kc8
37.Bf1 Be4 38.Bd3 Bc6 39.Bf1 Be4 40.Bd3  1/2-1/2

[Event "Friendship A"]
[Site "Roznov CZE"]
[Date "2002.12.13"]
[Round "9"]
[White "Guidarelli,L"]
[Black "Simacek,P"]
[Result "1/2-1/2"]
[WhiteElo "2406"]
[BlackElo "2420"]

1.e4 g6 2.Nc3 Bg7 3.d4 c6 4.Bc4 d6 5.Bb3 Nf6 6.Qe2 O-O 7.Nf3 Bg4 8.Be3 e5
9.O-O-O Qe7 10.h3 Bxf3 11.gxf3 Nh5 12.Qd2 Na6 13.Ne2 Rfd8 14.Ng3 Nxg3 15.fxg3 exd4
16.Bg5 Bf6 17.Bxf6 Qxf6 18.Qxd4 Qxd4 19.Rxd4 Kf8 20.h4 Nc5 21.c3 Nxb3+ 22.axb3 Ke7
23.Kd2 Rd7  1/2-1/2

[Event "16th Masters"]
[Site "Clichy FRA"]
[Date "2002.12.16"]
[Round "3"]
[White "Neiman,E"]
[Black "Foisor,O"]
[Result "0-1"]
[WhiteElo "2292"]
[BlackElo "2428"]

1.d4 g6 2.e4 Bg7 3.Nc3 c6 4.Nf3 d5 5.h3 Nf6 6.Bd3 dxe4 7.Nxe4 Nxe4 8.Bxe4 Nd7
9.O-O O-O 10.c3 c5 11.dxc5 Nxc5 12.Bc2 Qc7 13.Qe2 b6 14.Re1 e5 15.Qc4 Ba6
16.Qh4 Bd3 17.Bb3 Nxb3 18.axb3 f6 19.Qg3 Qf7 20.Nd2 Rad8 21.Nc4 Bc2 22.Nd2 Rd3
23.Qh4 Rfd8 24.Qc4 Qxc4 25.bxc4 R8d7 26.Nf1 Bb3 27.Ne3 Bf8 28.g4 Kf7 29.Kg2 Bc5
30.g5 f5 31.Nd5 Bxc4 32.Nf6 Re7 33.Be3 Bxe3 34.Rxe3 Rd2 35.Ra4 b5 36.Ra6 Rxb2
37.Rc6 a5 38.h4 a4 39.h5 Rb1 40.hxg6+ hxg6 41.Kh2 Re6 42.Rc7+ Re7 43.Rc6 Bf1
44.Nd5 Re8 45.Rf6+ Kg7 46.Nf4 Rh8+ 47.Kg1 Bc4+ 48.Kg2 Rh4 49.Rxe5 Rg4+ 50.Kf3 Rxg5
51.Rc6 Rc1 52.Re7+ Kh6 53.Re3 a3 54.Rc8 a2 55.Nh5 Rxh5 56.Kf4 a1=Q 57.Re7 Rh4+  0-1

[Event "XV Carlos Torre"]
[Site "Merida MEX"]
[Date "2002.12.20"]
[Round "8"]
[White "Garcia,Ri"]
[Black "Hernandez,Je"]
[Result "1-0"]
[WhiteElo "2275"]
[BlackElo "2272"]

1.e4 c6 2.d4 g6 3.Nc3 Bg7 4.Be3 Nf6 5.f3 O-O 6.Qd2 d6 7.h4 h5 8.Nh3 e5 9.Ng5 exd4
10.Bxd4 Be6 11.O-O-O Qc7 12.Bxf6 Bxf6 13.Nxe6 fxe6 14.Qxd6 Qxd6 15.Rxd6 Kf7
16.f4 Bxc3 17.bxc3 Ke7 18.e5 Rxf4  1-0

[Event "Cerrado CEMAR A"]
[Site "Mondariz ESP"]
[Date "2002.12.23"]
[Round "9"]
[White "Cheparinov,I"]
[Black "Garcia Castro,P"]
[Result "0-1"]
[WhiteElo "2473"]
[BlackElo "2330"]

1.e4 g6 2.d4 Bg7 3.Nc3 c6 4.Nf3 Nh6 5.h3 f6 6.Bf4 Nf7 7.Qd2 d5 8.exd5 cxd5
9.Nb5 O-O 10.c4 e5 11.Be3 e4 12.Ng1 Be6 13.Ne2 g5 14.cxd5 Bxd5 15.Nec3 a6
16.Nxd5 axb5 17.Nc3 f5 18.g3 Nc6 19.Nxb5 Ra4 20.b3 Rb4 21.Rd1 Qa5 22.a4 Rxb3
23.Qxa5 Nxa5 24.Bd2 b6 25.Be2 Rc8 26.O-O Rb2 27.Bh5 Rcc2 28.Bc3 Rxb5 29.axb5 Rxc3
30.Rc1 Rc4 31.Rxc4 Nxc4 32.Rc1 Ncd6 33.d5 Bd4 34.Rc7 f4 35.gxf4 gxf4 36.Bg4 Bc5
37.Be6 Kf8 38.h4 h6 39.Kf1 e3 40.fxe3 fxe3 41.Ke2 Ne5 42.Rxc5 bxc5 43.Kxe3 Ke7
44.Kf4 Nec4 45.Bg4 Kf6 46.Be2 Nb6 47.Bf3 Nxb5 48.Be4 Nd6 49.Bf3 c4 50.Kg4 c3
51.Bd1 Ke5  0-1

[Event "26th Christmas Open Masters"]
[Site "Zurich SUI"]
[Date "2002.12.26"]
[Round "1"]
[White "Allemann,A"]
[Black "Mauron,P"]
[Result "1-0"]
[WhiteElo "2231"]
[BlackElo "2092"]

1.e4 g6 2.d4 Bg7 3.Nc3 c6 4.Bc4 d6 5.Qf3 e6 6.Nge2 Nd7 7.Be3 Qe7 8.O-O e5
9.Qg3 b5 10.Bd3 b4 11.Nd1 Ngf6 12.a3 bxa3 13.Rxa3 O-O 14.Ndc3 Nh5 15.Qf3 exd4
16.Nxd4 Ne5 17.Qe2 Nxd3 18.Qxd3 Qc7 19.Rfa1 a5 20.Nb3 Ba6 21.Qd2 Rab8 22.Bd4 Nf6
23.Nxa5 c5 24.Bxf6 Bxf6 25.Nd5  1-0

[Event "Open A"]
[Site "Bethune FRA"]
[Date "2002.12.27"]
[Round "3"]
[White "Swiercz,K"]
[Black "Marechal,A"]
[Result "0-1"]
[WhiteElo "2017"]
[BlackElo "2248"]

1.e4 g6 2.d4 Bg7 3.Nc3 c6 4.Bc4 d6 5.Be3 Nf6 6.f3 O-O 7.Nge2 b5 8.Bb3 Nbd7
9.O-O Bb7 10.Qd2 a6 11.a3 Qc7 12.Ng3 c5 13.dxc5 dxc5 14.Nce2 c4 15.Ba2 Rfd8
16.Rad1 Rac8 17.Qb4 Bf8 18.Qe1 e5 19.Kh1 Bc5 20.Nc3 Nf8 21.Qf2 Ne6 22.Bxc5 Nxc5
23.Nge2 Kg7 24.Rxd8 Rxd8 25.Rd1 Rd6 26.Qg1 Ne6 27.Bb1 h5 28.Na2 h4 29.Nec3 Nd4
30.Qe3 Qd7 31.Nc1 h3 32.g3 Nxf3 33.Rxd6 Qxd6 34.Qxf3 Qd2  0-1

[Event "11th Donau Open"]
[Site "Aschach AUT"]
[Date "2002.12.30"]
[Round "6"]
[White "Roeberg,F"]
[Black "Lautner,J"]
[Result "1-0"]
[WhiteElo "2259"]
[BlackElo "2205"]

1.e4 g6 2.d4 Bg7 3.Nc3 c6 4.Bc4 d6 5.Qf3 e6 6.Bf4 Qe7 7.e5 dxe5 8.dxe5 Nd7
9.Qe2 g5 10.Bg3 Nh6 11.f4 Nf5 12.Nf3 g4 13.Nd2 h5 14.Bf2 a6 15.g3 b5 16.Bd3 Bf8
17.h3 Rg8 18.hxg4 hxg4 19.Rh7 Bb7 20.Nce4 c5 21.Bxc5 Qxc5 22.Nxc5 Nxc5 23.Bxb5+ axb5
24.Qxb5+ Kd8 25.O-O-O Ne3 26.Ne4+ Nxd1 27.Qb6+  1-0

[Event "Open A"]
[Site "Bethune FRA"]
[Date "2002.12.30"]
[Round "7"]
[White "Safranska,A"]
[Black "Luberti,W"]
[Result "1-0"]
[WhiteElo "2312"]
[BlackElo "2168"]

1.e4 g6 2.d4 c6 3.Nc3 Bg7 4.f4 d5 5.e5 h5 6.Nf3 Nh6 7.Be2 Bg4 8.O-O Nf5 9.Na4 e6
10.c3 b6 11.b3 Bf8 12.Nb2 Be7 13.Rf2 Kf8 14.a4 a5 15.Qd2 Ra7 16.Nd1 Rc7 17.h3 Bxf3
18.Rxf3 c5 19.g4 hxg4 20.hxg4 cxd4 21.cxd4 Bb4 22.Ba3 Bxa3 23.Rxa3 Qh4 24.gxf5 Qg4+
25.Kf2 Rh2+ 26.Ke3 Qxf5 27.Qd3 Rc2 28.Nf2 Nc6 29.Qxf5 exf5 30.Bd3 Nb4 31.Be2 Rb2
32.Bd1 Rg2 33.Ra1 Rc2 34.Rb1 Rc7 35.Ke2 Rg1 36.Rb2 Rc1 37.Rd2 Nc6 38.Rh3 Nd8
39.Rh1 Rxh1 40.Nxh1 Ne6 41.Ke3 Rc3+ 42.Rd3 Rxd3+ 43.Kxd3 Nxf4+ 44.Ke3 g5
45.Ng3 Ng2+ 46.Kf2 Nh4 47.Bc2 f4 48.Nf5 Ng6 49.Kf3 Ke8 50.Ng7+ Ke7 51.Kg4 f3
52.Kxf3 Nf4 53.Nf5+ Ke6 54.Ne3 f6 55.Bf5+ Ke7 56.exf6+ Kxf6 57.Bc8 Ke7 58.Ba6 Kd6
59.Nf5+ Kc7 60.Ng7 Kd6 61.Kg4 Ng2 62.Kxg5 Ne1 63.Nf5+ Kd7 64.Kf4 Ke6 65.Bc8+ Kf6
66.Ke3 Nc2+ 67.Kd2 Nb4 68.Ke3  1-0

[Event "TCh-CZE 2002-3"]
[Site "Czech Rep CZE"]
[Date "2003.01.18"]
[Round "5"]
[White "Klima,L"]
[Black "Pastircak,M"]
[Result "1-0"]
[WhiteElo "2409"]
[BlackElo "2410"]

1.e4 g6 2.d4 Bg7 3.Nc3 c6 4.Bc4 d5 5.exd5 b5 6.Bb3 b4 7.Ne4 cxd5 8.Qf3 Nc6
9.Be3 Na5 10.Ba4+ Bd7 11.Bxd7+ Qxd7 12.Nc5 Qf5 13.Qxf5 gxf5 14.Ne2 Nf6 15.Na6 Kd7
16.Nxb4 Rhc8 17.c3 Nc4 18.Bc1 a5 19.Nd3 a4 20.O-O e6 21.Bf4 Bf8 22.b3 Na3
23.Rfc1 Ke8 24.f3 Nd7 25.Kf2 Rc6 26.Bd2 Rb6 27.b4 f6 28.Nc5 e5 29.Rd1 Rd6
30.Ng3 f4 31.Nf5 Rc6 32.g3 fxg3+ 33.hxg3 Nb5 34.Rh1 Nxc5 35.bxc5 Rc7 36.Rae1 Kd8
37.Kg2 Rd7 38.g4 Kc7 39.dxe5 fxe5 40.Rxe5 Bxc5 41.c4  1-0

[Event "Hotel Opatija GM Feb"]
[Site "Rijeka CRO"]
[Date "2003.02.13"]
[Round "10"]
[White "Fercec,N"]
[Black "Nurkic,S"]
[Result "0-1"]
[WhiteElo "2484"]
[BlackElo "2379"]

1.e4 g6 2.d4 Bg7 3.Nc3 c6 4.f4 d5 5.e5 h5 6.Be3 Nh6 7.Qd2 a6 8.O-O-O Bg4
9.Re1 e6 10.h3 Bf5 11.g3 Nd7 12.Nf3 b5 13.Ng5 Nb6 14.Qg2 Nc4 15.Bxc4 bxc4
16.Qf3 Rb8 17.Rhg1 Qb6 18.Nd1 c3 19.Re2 cxb2+ 20.Kb1 Qa5 21.Nf2 Rb3 22.g4 Ra3
23.Bd2 Qa4 24.gxf5 Rxf3 25.Nxf3 Nxf5 26.Nd3 Bf8 27.Bc3 Ba3 28.Be1 O-O 29.Nh4 Nxd4
30.Reg2 Kh7 31.f5 exf5 32.e6 Nxe6  0-1

[Event "Open"]
[Site "Cappelle la Grande FRA"]
[Date "2003.02.22"]
[Round "1"]
[White "Kernazhitsky,L"]
[Black "Minasian,Art"]
[Result "1-0"]
[WhiteElo "2374"]
[BlackElo "2557"]

1.e4 g6 2.d4 c6 3.Nc3 Bg7 4.Nf3 d6 5.Be3 Nd7 6.Bd3 Ngf6 7.Qd2 Ng4 8.Bg5 h6
9.Bh4 Qc7 10.O-O e5 11.dxe5 dxe5 12.Bc4 b5 13.Bxb5 cxb5 14.Nd5 Qb7 15.Qb4 Bf8
16.Qa5 g5 17.Nc7+ Ke7 18.Nxa8 gxh4 19.Nc7 Qxe4 20.Rae1 Qa4 21.Nd5+ Ke8 22.Qc7 Qc4
23.Nxe5 Qxc7 24.Nxc7+ Kd8 25.Nxf7+ Kxc7 26.Nxh8 Nge5 27.f4 Bc5+ 28.Kh1 Ng4
29.h3 Ne3 30.Rf3 Nf5 31.Kh2 b4 32.c3 Bb7 33.cxb4 Bxb4 34.Rc1+ Kd8 35.Rd3 Ba6
36.Rd5 Ne3 37.Rd4 Be7 38.Nf7+ Ke8 39.Nd6+ Kf8 40.Nc8 Nf6 41.Nxe7  1-0

[Event "TCh-BEL 2002-3"]
[Site "Belgium BEL"]
[Date "2003.02.23"]
[Round "9"]
[White "Maitesian,S"]
[Black "Van Mil,J"]
[Result "1/2-1/2"]
[WhiteElo "2297"]
[BlackElo "2406"]

1.e4 g6 2.d4 Bg7 3.Nc3 c6 4.Be3 d5 5.e5 f6 6.exf6 exf6 7.Qd2 Ne7 8.Bh6 Bxh6
9.Qxh6 Nf5 10.Qd2 Qe7+ 11.Nge2 Nd6 12.b3 O-O 13.O-O-O a5 14.Nf4 b5 15.Re1 Qf7
16.f3 a4 17.g4 axb3 18.cxb3 Na6 19.h4 Bd7 20.Rh2 Rfe8 21.Rhe2 Rxe2 22.Rxe2 Qf8
23.Nd3 Re8 24.Rxe8 Qxe8 25.Qe2 Qxe2 26.Bxe2 b4 27.Na4 Nb5 28.Nf4 Nac7 29.Bxb5 Nxb5
30.Nc5 Be8 31.Ne2 h5 32.gxh5 g5 33.hxg5 Bxh5 34.gxf6 Bxf3 35.Kd2 Bxe2 36.Kxe2 Nc3+
37.Kd2 Nxa2 38.Nd3 Kf7 39.Kc2 Kxf6 40.Kb2 Nc3 41.Nxb4 Nb5 42.Nxc6 Ke6  1/2-1/2

[Event "Open"]
[Site "Cappelle la Grande FRA"]
[Date "2003.02.24"]
[Round "3"]
[White "Abeln,M"]
[Black "Minasian,Art"]
[Result "0-1"]
[WhiteElo "2270"]
[BlackElo "2557"]

1.d4 g6 2.e4 Bg7 3.Nc3 c6 4.Be3 d6 5.Qd2 b5 6.Bd3 Nd7 7.Nf3 Bb7 8.a4 a6 9.h3 Rc8
10.O-O b4 11.Ne2 c5 12.c3 c4 13.Bb1 b3 14.d5 Ngf6 15.Ng3 h5 16.Nh4 Nh7 17.f4 Nhf8
18.Nf3 Qa5 19.Ne2 Rg8 20.Ned4 e5 21.dxe6 fxe6 22.e5 Bxf3 23.Nxf3 d5 24.Nh4 Bh8
25.Qe2 Kd8 26.Rf3 g5 27.fxg5 Bxe5 28.Rf7 Rg7 29.Qxh5 d4 30.Rxg7 Bxg7 31.Qf7 Qe5
32.Bf2 dxc3 33.Ng6 c2  0-1

[Event "Open"]
[Site "Cappelle la Grande FRA"]
[Date "2003.02.25"]
[Round "5"]
[White "Totsky,L"]
[Black "Souevamanien,P"]
[Result "1-0"]
[WhiteElo "2511"]
[BlackElo "2149"]

1.e4 g6 2.d4 Bg7 3.Nc3 c6 4.h3 d5 5.Nf3 Nf6 6.e5 Ne4 7.Nxe4 dxe4 8.Ng5 c5
9.Bc4 O-O 10.c3 cxd4 11.cxd4 Nc6 12.Be3 b5 13.Bb3 Bb7 14.O-O Nb4 15.Qg4 e6
16.Nxe4 h5 17.Qf3 Kh8 18.a3 Qh4 19.axb4 Bxe4 20.Qe2 Bb7 21.Rfc1 f5 22.exf6 Rxf6
23.Rc7 Bxg2 24.Kxg2 Raf8 25.Bc2 Rf3 26.Qxf3 Rxf3 27.Kxf3  1-0

[Event "57th ch-POL w"]
[Site "Sroda Wlkp POL"]
[Date "2003.03.01"]
[Round "3"]
[White "Matras,A"]
[Black "Krupa,M"]
[Result "0-1"]
[WhiteElo "2229"]
[BlackElo "2248"]

1.e4 g6 2.d4 Bg7 3.Nc3 c6 4.Nf3 d5 5.h3 Nh6 6.Bf4 O-O 7.Qd2 dxe4 8.Nxe4 Nf5
9.O-O-O Qd5 10.Nc3 Qa5 11.g4 Nd6 12.Bh6 Be6 13.Bxg7 Kxg7 14.Kb1 Ne4 15.Qe3 Nxc3+
16.bxc3 Qxa2+ 17.Kc1 Nd7 18.Ne5 Nxe5 19.Qxe5+ f6 20.Qe3 Bd5 21.Rh2 Rae8 22.f4 e5
23.dxe5 fxe5 24.f5 Qa3+ 25.Kd2 Qd6 26.Ke1 Qf6 27.c4 Bf7 28.Rf2 gxf5 29.gxf5 e4
30.c5 Bh5 31.Rd6 Qa1+ 32.Kd2 Kh8 33.Bc4 b5 34.Rf1 Qe5 35.Be6 Rd8 36.Rf4 Rxd6+
37.cxd6 Qxd6+ 38.Ke1 Rd8 39.Qc3+ Qd4 40.Qxd4+ Rxd4 41.Rh4 Bf3 42.f6 h5 43.Rf4 Rd8
44.Rf5 Rf8 45.Kf2 Kh7 46.Ke3 Kg6 47.f7 Bg2 48.Kf4 e3 49.Re5 Bd5 50.Rxe3 Kf6
51.Bxd5 cxd5 52.Re5 Rxf7 53.Rxh5 Ke6+ 54.Ke3 Kd6 55.h4 Kc5 56.Rh8 a5 57.h5 a4
58.h6 d4+ 59.Ke2 Kb4 60.h7 a3 61.Kd3 Rd7 62.Kd2 Ra7 63.Rd8 Rxh7 64.Rxd4+ Kc5
65.Rd3 b4 66.Rg3 a2 67.Rg1 Ra7 68.Ra1 Kc4 69.Kd1 Kc3 70.Kc1 Rg7  0-1

[Event "11th Fajr Open"]
[Site "Tehran IRI"]
[Date "2003.03.01"]
[Round "3"]
[White "Faryad,H"]
[Black "Bakhtiari,K"]
[Result "1/2-1/2"]
[WhiteElo "2199"]
[BlackElo "2315"]

1.e4 g6 2.d4 Bg7 3.Nc3 c6 4.Be3 Qb6 5.Rb1 d6 6.Nf3 Nf6 7.Bc4 Ng4 8.Bg5 h6
9.Bh4 e6 10.O-O d5 11.exd5 cxd5 12.Bxd5 exd5 13.Nxd5 Qd6 14.c4 O-O 15.Be7 Qd7
16.h3 Re8 17.Bh4 g5 18.Bg3 f5 19.Bxb8 Rxb8 20.hxg4 fxg4 21.Ne5 Qd6 22.Nxg4 b5
23.Nge3 bxc4 24.Qa4 Be6 25.Nc3 Qxd4 26.Rbd1 Qf4 27.Ncd5 Qf7 28.Nxc4 Red8
29.Nde3 g4 30.Rxd8+ Rxd8 31.g3 h5 32.Qa5 Rf8 33.b3 Qg6 34.Qxa7 h4 35.Qc7 h3
36.Qe7 Re8 37.Qd6 Qe4 38.Rd1 Rf8 39.Qd3 h2+ 40.Kxh2 Rxf2+ 41.Kg1 Qf3 42.Qd8+ Kh7
43.Qd3+ Kh6 44.Qd6 Kh7 45.Qd3+ Kg8 46.Qd8+ Kh7 47.Qd3+ Kg8 48.Qd8+ Kh7 49.Qh4+ Kg6
50.Rd6 Kf7 51.Qh5+ Ke7 52.Qh4+ Kf7 53.Qh5+ Ke7 54.Qh4+  1/2-1/2

[Event "52nd ch-BUL w"]
[Site "Sofia BUL"]
[Date "2003.03.03"]
[Round "11"]
[White "Bednikova,S"]
[Black "Jovkova Draganova,P"]
[Result "0-1"]
[WhiteElo "2214"]
[BlackElo "2046"]

1.e4 g6 2.d4 Bg7 3.Nc3 c6 4.Nf3 d6 5.a4 Nf6 6.h3 O-O 7.Be3 Qc7 8.a5 e5 9.Bd3 Nbd7
10.O-O Re8 11.dxe5 dxe5 12.Bc4 Nf8 13.Ng5 Be6 14.Nxe6 Nxe6 15.Bxe6 Rxe6 16.Qe2 Ree8
17.Rfd1 Nd7 18.Qc4 Nf8 19.Nb5 Qe7 20.Nxa7 Ne6 21.a6 Nd4 22.axb7 Qxb7 23.Bxd4 exd4
24.Qxc6 Qxb2 25.Rdb1 Qc3 26.Qxc3 dxc3 27.Rb4 Re7 28.Rba4 Rd7 29.Nb5 Rxa4
30.Rxa4 Rd1+ 31.Kh2 Be5+ 32.g3 Rd2 33.Kg2 Rxc2 34.Rc4 Rd2 35.Rc5 f6 36.Nxc3 Bd4
37.Rc8+ Kg7 38.Rc7+ Kh6 39.Nd5 Rxf2+ 40.Kh1 Be5 41.Rf7 Rf3 42.h4 Rxg3 43.Nxf6 Bxf6
44.Rxf6 Rg4 45.e5 Rxh4+ 46.Kg2 Kg5 47.Rf7 h5 48.Kf3 Ra4 49.e6 Ra6 50.e7 Re6
51.Kg3 h4+ 52.Kh3 Re3+ 53.Kh2 Kg4 54.Kg2 g5 55.Kf2 Re6 56.Kg2 h3+ 57.Kh2 Re2+
58.Kg1 Kg3 59.Rf1 Rxe7 60.Kh1 g4 61.Rg1+ Kh4 62.Rb1 Re4 63.Ra1 Rf4 64.Kg1 g3
65.Kh1 Rf1+ 66.Rxf1 g2+ 67.Kg1 Kg3  0-1

[Event "57th ch-POL w"]
[Site "Sroda Wlkp POL"]
[Date "2003.03.05"]
[Round "7"]
[White "Matras,A"]
[Black "Zielinska,Mar"]
[Result "1/2-1/2"]
[WhiteElo "2229"]
[BlackElo "2430"]

1.e4 g6 2.d4 Bg7 3.Nc3 c6 4.Nf3 d5 5.exd5 cxd5 6.Bb5+ Nc6 7.O-O Bg4 8.h3 Bxf3
9.Qxf3 e6 10.Bxc6+ bxc6 11.Be3 Rb8 12.Na4 Nf6 13.Bg5 O-O 14.c3 h6 15.Bxf6 Qxf6
16.Qxf6 Bxf6 17.Nc5 Rfd8 18.Nd3 a5 19.b3 Rdc8 20.Rfe1 Be7 21.Rac1 c5 22.dxc5 Bxc5
23.c4 Ba3 24.Rc2 Rc7 25.Ne5 Bd6 26.Rce2 Bxe5 27.Rxe5 dxc4 28.bxc4 a4 29.Rc1 Rb2
30.a3 Rb3 31.Re3 Rxe3 32.fxe3 Kf8 33.c5 Ke7 34.Rc4 e5 35.Rxa4 Rxc5 36.Kf2 Kd6
37.Ra7 Ke6 38.a4 e4 39.a5 Rc2+ 40.Kf1 h5 41.a6 Rc1+ 42.Kf2 Rc2+ 43.Kf1  1/2-1/2

[Event "11th Fajr Open"]
[Site "Tehran IRI"]
[Date "2003.03.05"]
[Round "9"]
[White "Niknaddaf,A"]
[Black "Rajabi Hezar,H"]
[Result "1-0"]
[WhiteElo "2278"]
[BlackElo "2201"]

1.e4 c6 2.d4 g6 3.Nc3 Bg7 4.h3 d6 5.Nf3 Nf6 6.Be3 Qa5 7.Bd3 O-O 8.Qd2 b5
9.O-O Nbd7 10.a3 e5 11.dxe5 dxe5 12.b4 Qc7 13.a4 a6 14.Ne2 Bb7 15.Ng3 c5
16.c3 c4 17.Bc2 Rfd8 18.Qc1 Nf8 19.Bh6 Ne6 20.Qe3 Nf4 21.Bxg7 Kxg7 22.Rfd1 Nd7
23.axb5 axb5 24.Rxa8 Bxa8 25.Ne2 Ne6 26.Ra1 Nb6 27.Ra6 Na4 28.Ng5 Nf4 29.Ng3 Qe7
30.Nf3 Bb7 31.Ra5 Nd3 32.Bxa4 bxa4 33.Rxa4 Qf6 34.Ra7 Qc6 35.Qg5 f6 36.Nh5+ Kf7
37.Qh6 Ke6 38.Qxh7 gxh5 39.Rxb7 Rd7 40.Ng5+ Kd6 41.Nf7+  1-0

[Event "Victor Ciocaltea Mem"]
[Site "Bucharest ROM"]
[Date "2003.03.13"]
[Round "10"]
[White "Burnoiu,N1"]
[Black "Iordachescu,V"]
[Result "0-1"]
[WhiteElo "2414"]
[BlackElo "2550"]

1.e4 g6 2.d4 Bg7 3.Nc3 c6 4.Be3 d5 5.Nf3 Bg4 6.h3 Bxf3 7.gxf3 e6 8.h4 h5
9.Qd2 Nd7 10.O-O-O Ne7 11.Kb1 a6 12.Bd3 b5 13.Ne2 Nb6 14.Bg5 Ra7 15.Qf4 Qc7
16.e5 c5 17.c3 c4 18.Bc2 a5 19.Rhg1 b4 20.Qd2 Nc6 21.Nf4 Kd7 22.Nh3 b3 23.axb3 cxb3
24.Bxb3 a4 25.Ba2 Na5 26.Qc2 Rb8 27.Nf4 Nbc4  0-1

[Event "TCh-CZE 2002-3"]
[Site "Czech Rep CZE"]
[Date "2003.03.16"]
[Round "9"]
[White "Stratil,L"]
[Black "Karlik,V"]
[Result "1/2-1/2"]
[WhiteElo "2356"]
[BlackElo "2297"]

1.e4 g6 2.d4 Bg7 3.Nc3 c6 4.Nf3 d6 5.h3 Nf6 6.Be3 O-O 7.Qd2 Qa5 8.a3 Nbd7
9.Be2 e5 10.O-O Qc7 11.a4 b6 12.Rfe1 Bb7 13.Rad1 a6 14.dxe5 dxe5 15.Bh6 Nc5
16.Bxg7 Kxg7 17.Qe3 a5 18.Nh4 h6 19.g3 Bc8 20.Bf1 Re8 21.Rd2 Ba6 22.Bxa6 Nxa6
23.Nf3 Nc5 24.Red1 Ne6 25.Qe2 Rad8 26.Qc4 Rxd2 27.Rxd2 Rd8 28.Rxd8 Nxd8 29.Nd5 Nxd5
30.exd5 Qd6 31.Qc3 f6  1/2-1/2

[Event "19th Spring Fest"]
[Site "Budapest HUN"]
[Date "2003.03.17"]
[Round "4"]
[White "Csapo,Z"]
[Black "Dobos,J"]
[Result "0-1"]
[WhiteElo "2212"]
[BlackElo "2283"]

1.e4 g6 2.d4 Bg7 3.Nc3 c6 4.Be3 Qb6 5.a3 d6 6.Bc4 Nf6 7.f3 d5 8.exd5 cxd5
9.Bxd5 Qxb2 10.Nge2 Qb6 11.Bb3 O-O 12.O-O Nc6 13.Bf2 Na5 14.Ba2 Bd7 15.Nf4 Qd8
16.Re1 Rc8 17.Ncd5 Nxd5 18.Nxd5 e6 19.Nb4 Nc4 20.Qd3 Qc7 21.Qb3 a5 22.Nd3 Nd2
23.Qb2 Qxc2 24.Qxc2 Rxc2 25.Nc5 Bc6 26.Rec1 Rxc1+ 27.Rxc1 Bh6 28.Rc2 Rd8
29.Nd3 a4 30.Ne5 Nb3 31.Nxc6 bxc6 32.Rc4 c5 33.Rxa4 Nxd4 34.Bc4 Rb8 35.Bd3 Rb3
36.Bxd4 cxd4 37.Be4 d3 38.Kf2 f5 39.Ra8+ Kg7 40.Ra7+ Kf6  0-1

[Event "19th Spring Fest"]
[Site "Budapest HUN"]
[Date "2003.03.21"]
[Round "8"]
[White "Rozsnyai,Ti"]
[Black "Puschmann,L"]
[Result "1/2-1/2"]
[WhiteElo "2119"]
[BlackElo "2279"]

1.e4 g6 2.d4 Bg7 3.Nc3 c6 4.Bc4 d6 5.Qf3 e6 6.Nge2 Ne7 7.Bg5 Nd7 8.Rd1 d5
9.Bb3 O-O 10.O-O h6 11.Bxe7 Qxe7 12.Rfe1 Qg5 13.Qd3 a6 14.a3 b5 15.f4 Qh4
16.Qe3 Nb6 17.g3 Qd8 18.e5 Bd7 19.Nb1 Qc7 20.c3 Rfc8 21.Nd2 a5 22.Kg2 Bf8
23.g4 Kg7 24.Ng3 c5 25.Rc1 Qb7 26.Bc2 Be7 27.Bb1 cxd4 28.cxd4 Rxc1 29.Rxc1 Nc4
30.Nxc4 bxc4 31.Qc3 Bf8  1/2-1/2

[Event "19th Spring Fest"]
[Site "Budapest HUN"]
[Date "2003.03.21"]
[Round "8"]
[White "Martini,B"]
[Black "Dobos,J"]
[Result "0-1"]
[WhiteElo "2278"]
[BlackElo "2283"]

1.d4 g6 2.e4 Bg7 3.Nc3 c6 4.Nf3 d6 5.Be2 Nd7 6.O-O Qc7 7.Be3 Ngf6 8.a4 O-O
9.Qd2 e5 10.Rad1 Re8 11.d5 cxd5 12.Nb5 Qb8 13.exd5 a6 14.Nc3 Qc7 15.Bh6 Nc5
16.Bxg7 Kxg7 17.Qe3 Bf5 18.Nh4 Bxc2 19.Rc1 Bb3 20.Nf5+ Kh8 21.Qh6 Rg8 22.f4 e4
23.Qg5 gxf5 24.Qxf6+ Rg7 25.Qxf5 Qe7 26.Rce1 Rag8 27.Bf3 e3 28.Ne4 Nxe4 29.Bxe4 Bc4
30.Kh1 Bxf1  0-1

[Event "IV Dos Hermanas Internet Final"]
[Site "ICC INT"]
[Date "2003.03.22"]
[Round "4.2"]
[White "Zarnicki,P"]
[Black "Reinaldo Castineira,R"]
[Result "1-0"]
[WhiteElo "2536"]
[BlackElo "2402"]

1.e4 g6 2.d4 Bg7 3.Nc3 c6 4.Nf3 d5 5.h3 Nh6 6.Bd3 O-O 7.O-O f6 8.Re1 Nf7
9.b3 a6 10.Bb2 e5 11.dxe5 fxe5 12.Na4 d4 13.c3 Ng5 14.Nxg5 Qxg5 15.Bc1 Qd8
16.cxd4 exd4 17.Ba3 Re8 18.Bc4+ Be6 19.Bxe6+ Rxe6 20.Nc5 Re7 21.Qc2 b6 22.Nd3 Re8
23.e5 c5 24.b4 cxb4 25.Qc4+ Kh8 26.Bxb4 b5 27.Qf7 Nc6 28.Bd6 Ra7 29.Qf3 Qd7
30.Rad1 Raa8 31.Nc5 Qc8 32.Rc1 Na5 33.e6 Nc4 34.Nd7 Ra7 35.Nb6 Qb7 36.Qxb7 Rxb7
37.Nxc4 bxc4 38.Rxc4 Rb6 39.Bb4 Kg8 40.e7 Kf7 41.a3 Bf6 42.Kf1 Rb7 43.Rd1 Rd7
44.Rd3 Rb8 45.g3 a5 46.Bxa5 Rxe7 47.Bb4 Rd7 48.Rc6 Bg7 49.Rf3+ Kg8 50.Ke2 Re8+
51.Kd3 Rb7 52.Rf4 Rd7 53.h4 Rb7 54.Re4 Rxe4 55.Kxe4 Rd7 56.Kd3 Rb7 57.Bc5 Rb1
58.Rc8+ Kf7 59.Rc7+ Kg8 60.a4 Rd1+ 61.Ke2 Rc1 62.a5 Bf8 63.Bb6 Ra1 64.Ra7 Ra2+
65.Kd3 Rxf2 66.a6 Ra2 67.Ra8 Kf7 68.a7 Bd6 69.Rd8 Bxg3 70.a8=Q Rxa8 71.Rxa8 Bxh4
72.Ra7+  1-0